La lucha activa contra el antirreino: acercamiento al pensamiento teológico de Jon Sobrino /
Guardat en:
| Autor principal: | |
|---|---|
| Format: | Llibre |
| Idioma: | Spanish |
| Etiquetes: |
Afegir etiqueta
Sense etiquetes, Sigues el primer a etiquetar aquest registre!
|
MARC
| LEADER | 00000nam a22000007a 4500 | ||
|---|---|---|---|
| 003 | cru CIDCACS/IIS | ||
| 005 | 20191024134538.0 | ||
| 007 | ta | ||
| 008 | 191024s2014 cu |||p|r|||| 00| ||spa|d | ||
| 999 | |c 42532 |d 42532 | ||
| 040 | |c cru CIDCACS/IIS | ||
| 100 | 1 | |9 8736 |a Gómez, David | |
| 245 | 1 | 3 | |a La lucha activa contra el antirreino: |b acercamiento al pensamiento teológico de Jon Sobrino / |c David Gómez |
| 300 | |a páginas 86-92 | ||
| 773 | 0 | |0 41970 |9 2976 |a Centro Memorial Dr. Martin Luther King, Jr |d La Habana, Cuba: Centro Memorial Dr. Martin Luther King, Jr, |o 17957 |t Caminos: |x 10257733 | |
| 942 | |2 ddc |c PP | ||
